| 000 | 01026nam a2200253Ia 4500 | ||
|---|---|---|---|
| 003 | GCL | ||
| 005 | 20240530110821.0 | ||
| 008 | 140319s9999 xx 000 0 ara d | ||
| 040 |
_aGCL / _cGCL |
||
| 082 | 0 | 4 |
_a240/ _bهـ م |
| 100 | 1 | _aالهمذانى، ابو الحسن عبدالجبار بن احمد بن عبدالجبار بن احمد الاسد ابادى | |
| 245 | 1 | 2 |
_aالمغنى فى ابواب التوحيد والعدل: _bالشرعيات / _cالقاضى ابى الحسن عبدالجبار ؛ اشراف طه حسين ؛ حرر نصة امين الخولى |
| 260 |
_a[S.N] : _bوزارة الثقافة والارشاد القومى ، _c1963 |
||
| 300 | _a386 ص | ||
| 650 | 0 | 4 | _aالاجتهاد |
| 650 | 0 | 4 | _aالشريعة الاسلامية |
| 650 | 0 | 4 | _aالتوحيد |
| 650 | 0 | 4 | _aالاجماع |
| 650 | 0 | 4 | _aعلم الكلام |
| 650 | 0 | 4 | _aالقياس والعقوبات |
| 700 | 0 |
_aطه حسين _eمشرف |
|
| 700 | 0 |
_aامين الخولى _eمحرر |
|
| 942 |
_2ddc _cBK |
||
| 999 |
_c65366 _d65366 |
||